<?xml version='1.0' encoding='UTF-8'?>
  <record xmlns="http://www.loc.gov/MARC21/slim">
    <leader>00000cam a22000007i 4500</leader>
    <controlfield tag="001">ocm66604371</controlfield>
    <controlfield tag="003">OCoLC</controlfield>
    <controlfield tag="005">20250922235315.2</controlfield>
    <controlfield tag="008">040523s1582    gw            000 0 ger d</controlfield>
    <datafield tag="040" ind1=" " ind2=" ">
      <subfield code="a">NLGGC</subfield>
      <subfield code="b">eng</subfield>
      <subfield code="e">rda</subfield>
      <subfield code="e">dcrmr</subfield>
      <subfield code="c">NLGGC</subfield>
      <subfield code="d">QGJ</subfield>
      <subfield code="d">OCLCA</subfield>
      <subfield code="d">OCLCL</subfield>
      <subfield code="d">OCLCO</subfield>
    </datafield>
    <datafield tag="029" ind1="0" ind2=" ">
      <subfield code="a">NLGGC</subfield>
      <subfield code="b">264375114</subfield>
    </datafield>
    <datafield tag="035" ind1=" " ind2=" ">
      <subfield code="a">(OCoLC)66604371</subfield>
    </datafield>
    <datafield tag="100" ind1="1" ind2=" ">
      <subfield code="a">Brillmacher, Peter Michael,</subfield>
      <subfield code="d">1542-1595,</subfield>
      <subfield code="e">author.</subfield>
      <subfield code="4">aut</subfield>
      <subfield code="1">https://id.oclc.org/worldcat/entity/E39PBJvMvPkKVdXPGqq7GHkMT3</subfield>
    </datafield>
    <datafield tag="245" ind1="1" ind2="4">
      <subfield code="a">Ein christlichs Gesprech oder Disputation sampt freundtlicher vergleichung von Empfengnuß des allerheiligsten vnd hochwirdigsten Fronleichnams Iesu Christi unsers Erlösers vnd Heilandts vnder beiden oder einer Gestalt des Sacraments :</subfield>
      <subfield code="b">für die Insonderheit, welche allein dises Artickels halben auffgehalten werden, wie man sagt, daß sie sich nit zu der Catholischen Kirchen einigkeit gentzlich begeben, /</subfield>
      <subfield code="c">gestellt durch Petrum Michaelem der Societet Iesu Theologum.</subfield>
    </datafield>
    <datafield tag="264" ind1=" " ind2="1">
      <subfield code="a">Gedruckt zu Cöln, :</subfield>
      <subfield code="b">durch Gerwinum Calenius, vnd die Erben Johan Quentels.,</subfield>
      <subfield code="c">M. D. LXXXII. [1582]</subfield>
    </datafield>
    <datafield tag="300" ind1=" " ind2=" ">
      <subfield code="a">[72], 279 pages :</subfield>
      <subfield code="b">illustrations ;</subfield>
      <subfield code="c">15 cm (8vo)</subfield>
    </datafield>
    <datafield tag="336" ind1=" " ind2=" ">
      <subfield code="a">text</subfield>
      <subfield code="b">txt</subfield>
      <subfield code="2">rdacontent</subfield>
    </datafield>
    <datafield tag="337" ind1=" " ind2=" ">
      <subfield code="a">unmediated</subfield>
      <subfield code="b">n</subfield>
      <subfield code="2">rdamedia</subfield>
    </datafield>
    <datafield tag="338" ind1=" " ind2=" ">
      <subfield code="a">volume</subfield>
      <subfield code="b">nc</subfield>
      <subfield code="2">rdacarrier</subfield>
    </datafield>
    <datafield tag="340" ind1=" " ind2=" ">
      <subfield code="m">8vo</subfield>
      <subfield code="2">rdabf</subfield>
    </datafield>
    <datafield tag="500" ind1=" " ind2=" ">
      <subfield code="a">Initials, printed marginal notes.</subfield>
    </datafield>
    <datafield tag="500" ind1=" " ind2=" ">
      <subfield code="a">Signatures: a-d⁸ e⁴4 A-R⁸ S⁴; Sv4 is blank.</subfield>
    </datafield>
    <datafield tag="510" ind1="4" ind2=" ">
      <subfield code="a">Verzeichnis der im deutschen Sprachbereich erschienenen Drucke des 16. Jahrhunderts (VD 16),</subfield>
      <subfield code="c">B 8317</subfield>
    </datafield>
    <datafield tag="700" ind1="1" ind2=" ">
      <subfield code="a">Truchsess von Waldburg, Gebhard,</subfield>
      <subfield code="c">Archbishop and Elector of Cologne,</subfield>
      <subfield code="d">1547-1601,</subfield>
      <subfield code="e">dedicatee.</subfield>
      <subfield code="4">dte</subfield>
      <subfield code="1">https://id.oclc.org/worldcat/entity/E39PBJhX98p3hMbrXC7PXmDrMP</subfield>
    </datafield>
    <datafield tag="700" ind1="1" ind2=" ">
      <subfield code="a">Calenius, Gerwin,</subfield>
      <subfield code="d">active 1557-1597,</subfield>
      <subfield code="e">printer.</subfield>
      <subfield code="4">prt</subfield>
      <subfield code="1">https://id.oclc.org/worldcat/entity/E39PBJfmkG9GcRJY8cvktjWRrq</subfield>
    </datafield>
    <datafield tag="710" ind1="2" ind2=" ">
      <subfield code="a">Haeredes Quentelii,</subfield>
      <subfield code="e">printer.</subfield>
      <subfield code="4">prt</subfield>
      <subfield code="1">https://id.oclc.org/worldcat/entity/E39QH7JmtfYXfRvdkm4xWxJXM6</subfield>
    </datafield>
    <datafield tag="752" ind1=" " ind2=" ">
      <subfield code="a">Germany</subfield>
      <subfield code="d">Cologne,</subfield>
      <subfield code="e">publication place.</subfield>
      <subfield code="4">pup</subfield>
    </datafield>
    <datafield tag="758" ind1=" " ind2=" ">
      <subfield code="i">has work:</subfield>
      <subfield code="a">Ein christlichs Gesprech oder Disputation sampt freundtlicher Vergleichung von Empfengnuss des allerheilihsten und hochwirdigsten Fronleichnams Jesu Christi unsers Erlösers und Heilandts under beiden oder einer Gestalt des Sacraments (Text)</subfield>
      <subfield code="1">https://id.oclc.org/worldcat/entity/E39PD3Y3FMYqQvh7vjQ6MVHMrm</subfield>
      <subfield code="4">https://id.oclc.org/worldcat/ontology/hasWork</subfield>
    </datafield>
  </record>